Bratři Costellovi: Pomsta /
Dokáže být skutečná láska silnější než mafiánská pouta?Pro Annabell Morettiovou, dceru jednoho z bossů newyorské mafie, není svět založený na násilí a placeném sexu ničím zvláštním – vyrůstala v něm. Ale coby mladá dívka zároveň touží po skutečné lásce, citu a založení rodiny s neobyčejným mužem.Brz...
Uloženo v:
| Série: | Bratři Costellovi,
část 1 |
|---|---|
| Hlavní autor: | |
| Médium: | E-kniha |
| Jazyk: | Czech |
| Vydáno: |
Praha :
DOBROVSKÝ s.r.o.,
2026
|
| Příbuzné jednotky: | Z cyklu::
Bratři Costellovi |
| Tagy: |
Žádné tagy |
| LEADER | 01946nam a22002417i 4500 | ||
|---|---|---|---|
| 001 | 303813 | ||
| 007 | ta | ||
| 008 | 260521s2026 xr ||||| |||| 00| 0 cze d | ||
| 020 | |a 9788027761098 | ||
| 044 | |a xr | ||
| 100 | 1 | |a December, K. E. |4 aut | |
| 245 | 1 | 0 | |a Bratři Costellovi: Pomsta / |c December, K. E. |
| 264 | 1 | |a Praha : |b DOBROVSKÝ s.r.o., |c 2026 | |
| 300 | |a 1 online zdroj (264 stran) | ||
| 336 | |a text |b txt |2 rdacontent | ||
| 337 | |a bez média |b n |2 rdamedia | ||
| 338 | |a online zdroj |b cr |2 rdacarrier | ||
| 520 | 2 | |a Dokáže být skutečná láska silnější než mafiánská pouta?Pro Annabell Morettiovou, dceru jednoho z bossů newyorské mafie, není svět založený na násilí a placeném sexu ničím zvláštním – vyrůstala v něm. Ale coby mladá dívka zároveň touží po skutečné lásce, citu a založení rodiny s neobyčejným mužem.Brzy však bude muset tyto naivní plány opustit: její despotický otec už totiž rozhodl za ni. Dohodnutý sňatek s Matteem Costellem má stvrdit spojenectví dvou mocných rodin Cosy Nostry. Annabell se tak stává jedním z koleček brutálního stroje mafiánských účtů. Pouze zatvrzelost, odvaha a sebejistota jí pomáhají přežít v bezohledném světě, kde vždy vyhrává ten silnější.Dokáže své nejbližší ochránit před pomstou bratrů Costellových? Co vše bude muset obětovat a jaká rozhodnutí učinit, aby změnila svůj osud? | |
| 787 | 0 | 8 | |g 1 |i Z cyklu: |t Bratři Costellovi |
| 910 | |a RBIT002 | ||
| 998 | |d 427265 |a https://core.palmknihy.cz/api/books/427265/cover?tfdrca |b https://core.palmknihy.cz/api/books/427265/cover/400?tfdrca |c https://core.palmknihy.cz/api/books/427265/cover/50?tfdrca |e 2028-11-19 |g 264 |i 9788027761098 |j https://core.palmknihy.cz/api/books/427265/preview.epub |k https://core.palmknihy.cz/api/books/427265/preview.pdf |l |q 49 |r 1 |s https://www.palmknihy.cz/kniha/427265 |t ebook |y 2026 |z 1 |v Bratři Costellovi |w 1 | ||
| 999 | |d 303811 | ||